Las principales fallas eléctricas en los motores eléctricos trifásicos y su mantenimiento correctivo
Gespeichert in:
| 1. Verfasser: | |
|---|---|
| Weitere Verfasser: | |
| Format: | Buch |
| Veröffentlicht: |
[San José, Costa Rica]
2006
|
| Schlagworte: | |
| Tags: |
Tag hinzufügen
Keine Tags, Fügen Sie den ersten Tag hinzu!
|
MARC
| LEADER | 00000nam a2200000Ia 4500 | ||
|---|---|---|---|
| 003 | 009805 | ||
| 005 | 20240206150952.0 | ||
| 008 | 140114s2006 cr a 000 ||s d | ||
| 040 | |c cru CEDI | ||
| 090 | |a TFG 5329 | ||
| 100 | |a Montealegre Lobo, Leonardo, 1983- |9 819 | ||
| 245 | |a Las principales fallas eléctricas en los motores eléctricos trifásicos y su mantenimiento correctivo | ||
| 260 | |b [San José, Costa Rica] |c 2006 | ||
| 300 | |a xiv, 131, [12] hojas; ilustraciones (algunas a color) | ||
| 500 | |a Proyecto de graduación (bachillerato en ingeniería eléctrica) --Universidad de Costa Rica. Facultad de Ingeniería. Escuela de Ingeniería Eléctrica | ||
| 501 | |a Profesor Guía de IE-0502 Proyecto Eléctrico: Ing. José Mario Jara Castro | ||
| 650 | |x MOTORES ELECTRICOS |x TRANSPORTE - MANTENIMIENTO Y REPARACION |x DINAMOS |x REGULADORES ELECTRICOS |9 5128 | ||
| 700 | |a Jara Castro, José Mario, 1978- |d Director de Proyecto Eléctrico |9 2350 | ||
| 942 | |c TFG |h TFG 5329 |i 009805 |6 TFG_5329_009805000000000 | ||
| 999 | |c 16948 |d 16948 | ||
